| 000 | 00362nam a2200145Ia 4500 | ||
|---|---|---|---|
| 005 | 20251222143137.0 | ||
| 008 | 251222s9999||||xx |||||||||||||| ||spa|| | ||
| 020 | _a0-13-847781-7 | ||
| 082 | _a330.015.195/L54 | ||
| 100 | _aLevin, Richard I. | ||
| 245 | 0 | _aEstadÃstica para Administradores | |
| 250 | _a6a. ed. | ||
| 264 | _bPearson Educación | ||
| 942 | _cLIB | ||
| 999 |
_c12151 _d12151 |
||